| LEADER | 01006nam a2200181 4500 | ||
|---|---|---|---|
| 082 | |a 615.854 |b PH105V | ||
| 100 | |a Phan Văn Chiêu | ||
| 245 | |a Các món ăn chay trị bệnh |c Phan Văn Chiêu, Thiếu Hải | ||
| 260 | |a Huế: |b Thuận Hóa, |c 1999. | ||
| 300 | |a 126 tr.; |c 19 cm. | ||
| 520 | |a v.v... | ||
| 653 | |a Y học | ||
| 942 | |2 ddc |c STK0 | ||
| 999 | |c 7120 |d 7120 | ||
| 952 | |0 0 |1 0 |2 ddc |4 0 |6 615_854000000000000_PH105V |7 0 |8 600 |9 66222 |a qbu |b qbu |c D3 |d 2015-01-28 |g 15000 |o 615.854 PH105V |p 6429.c1 |r 0000-00-00 |w 2015-01-28 |y STK0 | ||
| 952 | |0 0 |1 0 |2 ddc |4 0 |6 615_854000000000000_PH105V |7 0 |8 600 |9 66223 |a qbu |b qbu |c D3 |d 2015-01-28 |g 15000 |o 615.854 PH105V |p 6429.c2 |r 0000-00-00 |w 2015-01-28 |y STK0 | ||
| 952 | |0 0 |1 0 |2 ddc |4 0 |6 615_854000000000000_PH105V |7 0 |8 600 |9 68864 |a qbu |b qbu |c D3 |d 2015-03-24 |l 1 |o 615.854 PH105V |p 6429.c3 |r 2018-05-31 |s 2018-05-30 |w 2015-03-24 |y STK0 | ||
| 952 | |0 0 |1 0 |2 ddc |4 0 |6 615_854000000000000_PH105V |7 0 |8 600 |9 68865 |a qbu |b qbu |c D3 |d 2015-03-24 |l 1 |o 615.854 PH105V |p 6429.c4 |r 2016-05-04 |s 2016-04-20 |w 2015-03-24 |y STK0 | ||